书目信息 |
| 题名: |
名言大观
|
|
| 作者: | 陈树权 , 刘万朗 , 薛进官 编 | |
| 分册: | ||
| 出版信息: | 北京 文化艺术出版社 1983.05 |
|
| 页数: | 333页 | |
| 开本: | 21cm | |
| 丛书名: | ||
| 单 册: | ||
| 中图分类: | H033 | |
| 科图分类: | ||
| 主题词: | 词汇学 , 语义学 | |
| 电子资源: | ||
| ISBN: | ||
| 000 | 00641nam0 2200229 45 | |
| 001 | 0310231064 | |
| 005 | 20060731103305.93 | |
| 010 | @dCNY0.92 | |
| 091 | @a7228.001 | |
| 100 | @a20031023d1983 km y0chiy0120 ea | |
| 101 | 0 | @achi |
| 200 | 1 | @a名言大观@AMing Yan Da Guan@f薛进官,陈树权,刘万朗编@FXue Jin Guan,Chen Shu Quan,Liu Wan Lang Bian |
| 210 | @a北京@c文化艺术出版社@d1983.05 | |
| 215 | @a333页@d21cm | |
| 606 | 0 | @a词汇学 |
| 606 | 0 | @a语义学 |
| 690 | @aH033@v3 | |
| 701 | 0 | @a陈树权@4编 |
| 701 | 0 | @a刘万朗@4编 |
| 701 | 0 | @a薛进官@4编 |
| 801 | @aCN@bTSTC@c20060731 | |
| 905 | @dH033@e11@f4@b88832-835@b88826-830@f5@f1@b88822 | |
| 名言大观/薛进官,陈树权,刘万朗编.-北京:文化艺术出版社,1983.05 |
| 333页;21cm |
| ISBN :CNY0.92 |
| ● |
| 相关链接 |
|
|
|
|
正题名:名言大观
索取号:H033/11
 
预约/预借
| 序号 | 登录号 | 条形码 | 馆藏地/架位号 | 状态 | 备注 |
| 1 | 0088822 | 000820437 | 第四借阅区/ [索取号:H033/11] | 在馆 | |
| 2 | 0088824 | 001515505 | 密集书库/ [索取号:H033/11] | 在馆 | |
| 3 | 0088825 | 001515499 | 密集书库/ [索取号:H033/11] | 在馆 | |
| 4 | 0088826 | 000820455 | 第四借阅区/ [索取号:H033/11] | 在馆 | |
| 5 | 0088827 | 000820419 | 第四借阅区/ [索取号:H033/11] | 在馆 | |
| 6 | 0088828 | 000820400 | 第四借阅区/ [索取号:H033/11] | 在馆 | |
| 7 | 0088829 | 000820384 | 第四借阅区/ [索取号:H033/11] | 在馆 | |
| 8 | 0088830 | 000904187 | 第四借阅区/ [索取号:H033/11] | 在馆 | |
| 9 | 0088831 | 001515514 | 密集书库/ [索取号:H033/11] | 在馆 | |
| 10 | 0088832 | 000820464 | 第四借阅区/ [索取号:H033/11] | 在馆 | |
| 11 | 0088833 | 000820446 | 第四借阅区/ [索取号:H033/11] | 在馆 | |
| 12 | 0088834 | 000820473 | 第四借阅区/ [索取号:H033/11] | 在馆 | |
| 13 | 0088835 | 000820428 | 第四借阅区/ [索取号:H033/11] | 在馆 | |
| 14 | 0088836 | 000820393 | 第二样本阅览室/ [索取号:H033/11] | 在馆 | |
| 15 | 0443865 | 204438652 | 密集书库/ [索取号:H033/11] | 在馆 |